000 01139nam a2200325Ia 4500
003 CO-BoRNBP
005 20230602213024.0
007 ta
008 000030 2013 ck a g spa spa
020 _a9583012556
040 _aCO-BoRNBP
_bspa
_erda
_cCO-BoRNBP
041 0 _aspa
043 _as-ck---
084 _aC DIA9
100 1 _aDíaz López, Santiago
_d1970-
_eautor
_92389
245 1 0 _aRosario diccionario
_cSantiago Díaz López ; ilustraciones Laura Osorno
250 _aPrimera edición
264 1 _aBogotá, Colombia
_bPanamericana
_c2013
300 _a47 páginas
_bilustraciones a color
_c23 cm
336 _atexto
_btxt
_2rdacontent
337 _asin mediación
_bn
_2rdamedia
338 _avolumen
_bnc
_2rdacarrier
650 1 7 _aCuentos infantiles colombianos
_ySiglo XX
_2ARMARC
_92372
650 1 7 _aLiteratura Infantil Colombiana
_ySiglo XX
_2ARMARC
_9364
650 1 _aDiccionarios en la literatura
_2ARMARC
_92390
650 1 7 _aNiños en la literatura
_2ARMARC
_9873
650 1 7 _aEscuela en la literatura
_2ARMARC
_92391
700 1 _aOsorno Carrizosa, Laura
_eilustradora
_92392
942 _2ddc
_cBK
999 _c9634
_d9634